000
00208nam a22001097a 4500
040
_c
SK
082
_a
636
100
_a
PUTT S.
245
_a
Veterinary epidemiology
260
_a
NA
_b
PUT
_c
`1988
942
_c
EK
999
_c
10351
_d
10351